10 Biggest Cities in Order: North America - Statistics

General Stats
  • This quiz has been taken 158 times
  • The average score is 6 of 10
Answer Stats
# Answer % Correct
2 New York
98%
3 Los Angeles
97%
1 Mexico City
96%
5 Chicago
86%
4 Toronto
81%
6 Houston
74%
10 Philadelphia
39%
7 Havana
33%
9 Montreal
33%
8 Ecatepec de Morelos
10%
No matching quizzes found
Score Distribution
Percent of People with Each Score
Percentile by Number Answered
Your Score History
You have not taken this quiz